FBS Alternate Logos - Statistics

General Stats
  • This quiz has been taken 25 times
  • The average score is 75 of 136
Answer Stats
Picture Answer % Correct
Florida State
100%
Texas A&M
100%
Duke
93%
Ohio State
93%
Auburn
87%
Maryland
87%
Notre Dame
87%
Oklahoma
87%
Oregon
87%
Purdue
87%
Wisconsin
87%
Arkansas
80%
Colorado
80%
James Madison
80%
TCU
80%
UAB
80%
Utah
80%
Wake Forest
80%
Alabama
73%
BYU
73%
Georgia
73%
Kansas
73%
Missouri
73%
Nebraska
73%
Old Dominion
73%
UTEP
73%
Virginia Tech
73%
Akron
67%
Arizona State
67%
Arkansas State
67%
Army
67%
Central Michigan
67%
Clemson
67%
Memphis
67%
Minnesota
67%
San Jose State
67%
Temple
67%
Texas State
67%
Texas Tech
67%
UNLV
67%
UTSA
67%
Washington State
67%
Baylor
60%
Boise State
60%
Boston College
60%
Delaware
60%
Florida
60%
Florida Atlantic
60%
Hawaii
60%
Indiana
60%
Liberty
60%
Louisiana
60%
LSU
60%
New Mexico State
60%
Northern Illinois
60%
Oklahoma State
60%
Oregon State
60%
SMU
60%
South Carolina
60%
Stanford
60%
UCF
60%
Coastal Carolina
53%
Colorado State
53%
East Carolina
53%
Eastern Michigan
53%
Georgia State
53%
Georgia Tech
53%
Jacksonville State
53%
Kansas State
53%
Kentucky
53%
Miami (OH)
53%
Navy
53%
NC State
53%
North Carolina
53%
Southern Miss
53%
Toledo
53%
Tulane
53%
UL Monroe
53%
USC
53%
Western Kentucky
53%
Wyoming
53%
Air Force
47%
Bowling Green State
47%
Buffalo
47%
California
47%
Charlotte
47%
Iowa
47%
Iowa State
47%
Kennesaw State
47%
Kent State
47%
Louisville
47%
Mississippi State
47%
Rice
47%
Tennessee
47%
Texas
47%
Tulsa
47%
Vanderbilt
47%
Virginia
47%
Western Michigan
47%
Ball State
40%
Cincinnati
40%
Georgia Southern
40%
Louisiana Tech
40%
Marshall
40%
Massachusetts
40%
Michigan State
40%
Missouri State
40%
New Mexico
40%
North Texas
40%
Northwestern
40%
Pittsburgh
40%
Rutgers
40%
Syracuse
40%
Washington
40%
App State
33%
Connecticut
33%
Florida International
33%
Illinois
33%
Miami
33%
Mississippi
33%
Penn State
33%
San Diego State
33%
South Florida
33%
Troy
33%
UCLA
33%
Utah State
33%
Fresno State
27%
Houston
27%
Michigan
27%
Nevada
27%
Ohio
27%
West Virginia
27%
Arizona
20%
Middle Tennessee State
20%
Sam Houston State
20%
South Alabama
20%
No matching quizzes found
Score Distribution
Percent of People with Each Score
Percentile by Number Answered
Your Score History
You have not taken this quiz